| 000 | 00941nam a2200277 i 4500 | ||
|---|---|---|---|
| 005 | 20200104041519.0 | ||
| 008 | 140226s1998 ck ||||| |||| 00| 0 spa d | ||
| 040 |
_aCO-BoIAVH _cCO-BoIAVH |
||
| 041 | _aspa | ||
| 044 | _ack | ||
| 082 | 0 | 4 |
_a583 _bS21c |
| 245 | 0 | 0 |
_aConservación y uso sostenible de los manglares del Pacífico colombiano / _cHeliodoro Sánchez-Páez y ( otros dos editores) |
| 260 |
_aBogotá : _bMinambiente, _c1998. |
||
| 300 |
_a178 páginas ; _c28 cm. |
||
| 650 | 1 | 4 | _aConservación de bosques |
| 650 | 2 | 4 | _aUso sostenible |
| 650 | 2 | 4 | _aManglares |
| 650 | 2 | 4 | _aDinámica de bosques |
| 650 | 2 | 4 | _aRegeneración natural |
| 650 | 2 | 4 | _aÁreas degradadas |
| 662 |
_aColombia _cPacífico |
||
| 700 | 1 |
_aSánchez-Páez, Heliodoro, _eeditor. |
|
| 700 | 1 |
_aGuevara-Mancera, Omar, _eeditor. |
|
| 700 | 1 |
_aAlvarez-León, Ricardo, _eeditor. |
|
| 942 |
_cLIBRO _2ddc |
||
| 999 |
_c1160 _d1160 |
||